| 000 | 00966cam a2200229 4500 | ||
|---|---|---|---|
| 001 | WB3806-31 | ||
| 008 | 020212n2002 000 0 eng u | ||
| 035 | _a(Sirsi) u116691 | ||
| 245 | _aEvaluation of urban policy | ||
| 260 | _c2002 | ||
| 490 |
_aUrban Environment Today _v(140) 7 February 2002, 1(1) |
||
| 520 | _aThe success of council policies in urban areas could be nationally measured under the DTLR "Urban policy evaluation strategy". The strategy aims to record progress in implementing the urban white paper and proposes the use of five groups of key performance indicators to measure the well-being of urban areas. The strategy is available at http://www.urban.dtlr.gov.uk/consult/evalstrat/index.htm. | ||
| 590 | _aWB | ||
| 650 | _aURBAN POLICY | ||
| 650 | _aKEY PERFORMANCE INDICATORS | ||
| 650 | _aDTLR | ||
| 650 | _aURBAN WHITE PAPER | ||
| 650 | _aURBAN AREAS | ||
| 650 | _aURBAN REGENERATION | ||
| 690 | _aREGENERATION | ||
| 942 | _n0 | ||
| 999 |
_c69497 _d69497 |
||